Normal view
MARC view
Entry Personal Name
001 - CONTROL NUMBER
- control field: 821792
003 - CONTROL NUMBER IDENTIFIER
- control field: OSt
005 - DATE AND TIME OF LATEST TRANSACTION
- control field: 20250918110606.0
008 - FIXED-LENGTH DATA ELEMENTS
- fixed length control field: 250918|| aca||aabn | a|a d
040 ## - CATALOGING SOURCE
- Original cataloging agency: OSt
- Transcribing agency: OSt
100 ## - HEADING--PERSONAL NAME
- Personal name: शास्त्री, ज्ञान प्रकाश एण्ड त्यागी, विजय कुमार
670 ## - SOURCE DATA FOUND
- Source citation: Work cat.: (OSt)1435681: शास्त्री, ज्ञान प्रकाश एण्ड त्यागी, विजय कुमार , प्रस्थानत्रयी - पदानुक्रम - कोष:, 2014
